Pokémon Platine - Dex régional - Statistiques

Statistiques générales
  • Ce quiz a été pris 143 fois
  • Le résultat moyen est 154 sur 210
Statistiques - réponses
Nom % Correct
006 Simiabraz
100%
007 Tiplouf
100%
010 Étourmi
99%
011 Étourvol
99%
004 Ouisticram
99%
009 Pingoléon
99%
012 Étouraptor
98%
008 Prinplouf
98%
003 Torterra
98%
001 Tortipouss
98%
005 Chimpenfeu
96%
149 Dialga
95%
210 Giratina
95%
150 Palkia
95%
002 Boskara
94%
013 Keunotor
93%
031 Racaillou
93%
027 Roserade
93%
017 Lixy
92%
033 Grolem
91%
024 Léviator
91%
018 Luxio
91%
019 Luxray
91%
032 Gravalanch
89%
023 Magicarpe
89%
026 Rosélia
89%
111 Carchacrok
88%
014 Castorno
88%
025 Rozbouton
88%
164 Aquali
87%
110 Carmache
87%
029 Nosferalto
87%
028 Nosferapti
87%
166 Pyroli
87%
147 Créfollet
86%
146 Créhelf
86%
163 Évoli
86%
041 Machopeur
86%
202 Maganon
86%
201 Magmar
86%
057 Mustéflott
86%
168 Noctali
86%
090 Ponyta
86%
148 Créfadet
85%
091 Galopa
85%
109 Griknot
85%
040 Machoc
85%
167 Mentali
85%
034 Onix
85%
104 Pikachu
85%
116 Lucario
84%
056 Mustébouée
84%
030 Nostenfer
84%
169 Phyllali
84%
105 Raichu
84%
115 Riolu
84%
035 Steelix
84%
165 Voltali
84%
038 Dinoclier
82%
036 Kranidos
82%
103 Pichu
82%
076 Chaglam
81%
071 Ectoplasma
81%
198 Élektek
81%
069 Fantominus
81%
042 Mackogneur
81%
020 Abra
80%
072 Feuforêve
80%
170 Givrali
80%
021 Kadabra
80%
200 Magby
80%
099 Mélo
80%
113 Ronflex
80%
070 Spectrum
80%
022 Alakazam
79%
039 Bastiodon
79%
199 Élekable
79%
073 Magirêve
79%
037 Charkos
78%
112 Goinfrex
78%
100 Mélofée
78%
065 Baudrive
76%
143 Blizzaroi
76%
142 Blizzi
76%
197 Élekid
76%
084 Moufouette
76%
157 Tarsal
76%
144 Farfuret
75%
159 Gardevoir
75%
016 Mélokrik
75%
085 Moufflair
75%
173 Togepi
75%
077 Chaffreux
74%
075 Corboss
74%
074 Cornèbre
74%
015 Crikzik
74%
145 Dimoret
74%
066 Grodrive
74%
101 Mélodelfe
74%
154 Scorvol
74%
108 Spiritomb
74%
175 Togekiss
74%
054 Apireine
73%
053 Apitrini
73%
160 Gallame
73%
097 Leveinard
73%
174 Togetic
73%
158 Kirlia
72%
152 Motisma
72%
055 Pachirisu
72%
187 Rhinoféros
72%
206 Stalgamin
72%
044 Akwakwak
71%
191 Noctunoir
71%
043 Psykokwak
71%
153 Scorplane
71%
183 Yanma
71%
184 Yanmega
71%
089 Archéodong
69%
138 Barpau
69%
087 Charmina
69%
048 Chenipotte
69%
129 Cradopaud
69%
128 Drascore
69%
178 Magnéti
69%
180 Magnézone
69%
207 Oniglali
69%
096 Ptiravi
69%
188 Rhinastoc
69%
186 Rhinocorne
69%
049 Armulys
68%
059 Ceriflor
68%
050 Charmillon
68%
045 Cheniti
68%
130 Coatox
68%
122 Hippopotas
68%
086 Méditikka
68%
139 Milobellus
68%
208 Momartik
68%
088 Archéomire
67%
051 Blindalys
67%
058 Ceribou
67%
046 Cheniselle
67%
123 Hippodocus
67%
179 Magnéton
67%
047 Papilord
67%
052 Papinox
67%
117 Axoloto
66%
177 Démolosse
66%
098 Leuphorie
66%
176 Malosse
66%
060 Sancoki
66%
189 Skelénox
66%
137 Tentacruel
66%
190 Téraclope
66%
061 Tritosor
66%
182 Bouldeneu
65%
195 Insécateur
65%
067 Laporeille
65%
205 Mammochon
65%
118 Maraiste
65%
095 M. Mime
65%
127 Rapion
65%
136 Tentacool
65%
196 Cizayox
64%
204 Cochignon
64%
068 Lockpin
64%
203 Marcacrin
64%
114 Zarbi
64%
119 Goélise
62%
094 Mime Jr.
62%
093 Simularbre
62%
082 Korillon
61%
102 Pijako
61%
192 Porygon
61%
193 Porygon2
61%
194 Porygon-Z
61%
181 Saquedeneu
61%
120 Bekipan
60%
083 Éoko
60%
131 Vortente
60%
134 Écayon
59%
092 Manzaï
58%
081 Barbicha
55%
063 Capumain
55%
135 Luminéon
55%
078 Poissirène
55%
062 Scarhino
55%
140 Babimanta
54%
064 Capidextre
54%
141 Démanta
54%
079 Poissoroy
54%
155 Tarinor
54%
156 Tarinorme
54%
151 Manaphy
53%
209 Absol
52%
162 Coudlangue
52%
132 Rémoraid
52%
080 Barloche
51%
161 Excelangue
49%
185 Tropius
49%
124 Azurill
48%
125 Marill
48%
133 Octillery
48%
126 Azumarill
47%
121 Girafarig
47%
107 Noarfang
45%
106 Hoothoot
44%
172 Altaria
34%
171 Tylton
34%
Aucun quiz correspondant
Distribution des résultats
% des personnes avec chaque résultat
Percentile par nombre de réponses
Votre historique - résultats
Vous n’avez pas pris ce quiz